A carregar...
Demographic Transition in Kerala- Impact and Implications
| Autor principal: | |
|---|---|
| Formato: | Journal Article |
| Publicado em: |
SCIENCE & SOCIETY Vol. 6 No. 1
2008
|
| Assuntos: |
| LEADER | 00532nam a22001337a 4500 | ||
|---|---|---|---|
| 100 | |a G.S. Gireeshkuma |9 18873 | ||
| 245 | |a Demographic Transition in Kerala- Impact and Implications | ||
| 260 | |b SCIENCE & SOCIETY Vol. 6 No. 1 |c 2008 | ||
| 300 | |a p.97-100 |b Vol. 6 No. 1 JANUARY-JUNE 2008 | ||
| 500 | |a Book Review of "Demographic changes and challenges to Development" Ed. by T M George (2008) | ||
| 650 | |a BOOK REVIEW |9 18511 | ||
| 942 | |c JA | ||
| 999 | |c 65030 |d 65030 | ||
| 952 | |0 0 |1 0 |4 0 |7 0 |9 56994 |a MGUL |b MGUL |d 2015-07-31 |l 0 |r 2015-07-31 |w 2015-07-31 |y JA | ||